Promoting Statistical Practice and Collaboration in Developing Countries.

The book addresses the topics of individual chapters from the perspectives of the historical context, the present state, and future directions of statistical training and practice, so that readers may fully understand the challenges and opportunities in the field of statistics and data science, espe...

Full description

Bibliographic Details
Main Author: Awe, O. Olawale.
Other Authors: Love, Kim., Vance, Eric A.
Format: eBook
Language:English
Published: Milton : CRC Press LLC, 2022.
Edition:1st ed.
Subjects:
Online Access:Click to View
LEADER 01886nam a22003973i 4500
001 EBC7244978
003 MiAaPQ
005 20231204023228.0
006 m o d |
007 cr cnu||||||||
008 231204s2022 xx o ||||0 eng d
020 |a 9781000594355  |q (electronic bk.) 
020 |z 9781032195551 
035 |a (MiAaPQ)EBC7244978 
035 |a (Au-PeEL)EBL7244978 
035 |a (OCoLC)1378934395 
040 |a MiAaPQ  |b eng  |e rda  |e pn  |c MiAaPQ  |d MiAaPQ 
082 0 |a 519.50711724 
100 1 |a Awe, O. Olawale. 
245 1 0 |a Promoting Statistical Practice and Collaboration in Developing Countries. 
250 |a 1st ed. 
264 1 |a Milton :  |b CRC Press LLC,  |c 2022. 
264 4 |c Ã2022. 
300 |a 1 online resource (635 pages) 
336 |a text  |b txt  |2 rdacontent 
337 |a computer  |b c  |2 rdamedia 
338 |a online resource  |b cr  |2 rdacarrier 
520 |a The book addresses the topics of individual chapters from the perspectives of the historical context, the present state, and future directions of statistical training and practice, so that readers may fully understand the challenges and opportunities in the field of statistics and data science, especially in developing countries. 
588 |a Description based on publisher supplied metadata and other sources. 
590 |a Electronic reproduction. Ann Arbor, Michigan : ProQuest Ebook Central, 2023. Available via World Wide Web. Access may be limited to ProQuest Ebook Central affiliated libraries.  
655 4 |a Electronic books. 
700 1 |a Love, Kim. 
700 1 |a Vance, Eric A. 
776 0 8 |i Print version:  |a Awe, O. Olawale  |t Promoting Statistical Practice and Collaboration in Developing Countries  |d Milton : CRC Press LLC,c2022  |z 9781032195551 
797 2 |a ProQuest (Firm) 
856 4 0 |u https://ebookcentral.proquest.com/lib/matrademy/detail.action?docID=7244978  |z Click to View